000 00642nam a2200217 a 4500
999 _c4029
_d4029
001 4029
003 BD-JhCC
005 20171121170950.0
008 171121s1961 bg ||||| |||| 00| 0 ben d
035 _a(BD-JhCC)4029
040 _aBD-JhCC
_dBD-JhCC
041 _aben
082 _a629.45
_bOEL 1961
100 _aওয়েলস, রবাট
245 _aমহাশূন্যচারীরা কি করবেন /
_cরবাট ওয়েলস
260 _aঢাকা :
_bসাহিত্যিকা,
_c1961.
300 _a34 . p:
_c20 cm.
650 _aManned spacet light
942 _2ddc
_cBK